000 00374cam a2200145ua 4500
041 _aeng
_h
082 _a821
_bCOW/PO
100 _aCowper, William .
245 _aPoetical words of William cowper /
_cWilliam cowper.
_hTextual Documents
260 _aLondon :
_bOxford University Press ,
_c1963.
300 _a684 ; .
504 _a
942 _cBK
999 _c5369
_d5369